000 00545nam a22001577a 4500
003 OSt
005 20150913091634.0
008 150913b xxu||||| |||| 00| 0 eng d
040 _cRUA
082 _aAGR KEA 1997 B019 Or.1
100 _9361
_aKEAM, SOLIDA
245 _aStrategies for development for krek rubber plantation company ទិសដៅអភិវឌ្ឍន៍របស់ក្រុមហ៊ុនចំការកៅស៊ូក្រែក
260 _aPhnom Penh
_bRUA
_c1997
300 _a84p.
_bill.
_c29cm.
942 _2ddc
_cAGR
999 _c342
_d342